00666 2200169 4500001002100000005001500021035002000036007000300056008004100059245013500100250001100235260005700246300003800303650008400341110004200425856002900467INLIS00000000000117720251211092138 a0010-1225000008ta251211 e 0 ind 1 aJuknis Pelatihan Budidaya Sapi Potong Bagi Petugas Teknis Peternakan Peternakan /cBalai Besar Pelatihan Peternakan Batu - BPPSDMP acet. 1 aBatu :bBalai Besar Pelatihan Peternakan Batu,c2011 a27 hlm :bii, 27 lm;ilus ;c23 cm 4aJuknis Pelatihan Budidaya Sapi Potong Bagi Petugas Teknis Peternakan Peternakan0 aBalai Besar Pelatihan Peternakan Batu aBalai Perpustakaan Bogor